Natural Language Understanding /

Guardado en:
書目詳細資料
主要作者: Allen, James (autor)
格式: 圖書
語言:英语
出版: Menlo Park, EUA : The Benjamin/Cummings, 1987, c1987
主題:
標簽: 添加標簽
沒有標簽, 成為第一個標記此記錄!

MARC

LEADER 00000nam^a2200000^a^4500
001 000035925
005 20250521000000.0
009 20260310085328.749
020 |a 0-8053-0330-8 
037 |a Acervo ITESO - Biblioteca 
041 |a ING 
082 |a 006. 35  |b ALL 
100 |a Allen, James  |e (autor) 
245 1 0 |a Natural Language Understanding /  |c J. Allen. 
264 4 |a Menlo Park, EUA :  |b The Benjamin/Cummings,  |c 1987, c1987 
300 |a 574 p. 
336 |a texto  |b txt  |2 rdacontenido 
337 |a sin mediación  |b n  |2 rdamedio 
338 |a volumen  |b nc  |2 rdasoporte 
649 |a XX 
650 |a Ingeniería Computacional 
650 |a Inteligencia Artificial 
650 |a Informática 
650 |a Lenguajes de Programación 
910 |a Fondo General 
920 |a Impresos - Libros 
930 |a Colección General 
905 |a 101 
901 |a 0359250100  |b IT1  |c ACC  |i 035925  |u 20250521 
902 |a https://opac.biblio.iteso.mx/vufind/Record/000035925